000 01260nam0a22002651 4500
001 v19\rc\1709716
005 20260406223651.0
035 _a(NLR Aleph) 004809779
090 _a4916180
_c4916180
100 _a20061002d1899 |||y0rusy50 ca
101 0 _arus
102 _aRU
105 _ay z |||||
200 1 _aУстав... Общества попечения о детях лиц, ссылаемых по судебным приговорам в Сибирь, и основанного им приюта цесаревны Марии
_e[Утв. 18 дек. 1898 г.]
210 _aМосква
_d1899
215 _a24 с.
_d18
532 1 3 _aУстав Общества попечения о детях лиц, ссылаемых по судебным приговорам в Сибирь, и основанного им приюта цесаревны Марии
710 0 2 _aОбщество попечения о детях лиц, ссылаемых по судебным приговорам в Сибири
_cМосква
_9454554
_3RU\NLR\AUTH\889979077
801 0 _aRU
_bNLR
_gpsbo
801 0 _aRU
_bRuMoRGB
_2psbo
801 1 _aRU
_bProSoft-M
_2rusmarc
852 _aNLR
_j18.269.8.402
899 _aRuMoRGB
_jA 263/1092
942 _cBOOK
980 _aNB